Medzinárodné otázky časopis pre medzinárodné vzťahy, medzinárodné právo, diplomaciu, hospodárstvo a kultúru

Na minha lista:
Detalhes bibliográficos
Formato: Periódico
Idioma:eslovaco
Publicado em: Bratislava Slovenský inštitút medzinárodných štúdií 2001
Assuntos:
Tags: Adicionar Tag
Sem tags, seja o primeiro a adicionar uma tag!

MARC

LEADER 00000nas2a22000001 4500
001 0007012
005 20160720112007.9
022 |a 1210-1583 
041 0 |a slo 
044 |a SK 
245 1 0 |a Medzinárodné otázky  |b časopis pre medzinárodné vzťahy, medzinárodné právo, diplomaciu, hospodárstvo a kultúru 
264 1 |a Bratislava  |b Slovenský inštitút medzinárodných štúdií  |c 2001 
300 |a 1 zv. 
773 0 |w eu_un_cat*s120057 
610 2 0 |a politika medzinárodná 
610 2 0 |a politika svetová 
610 2 0 |a politika zahraničná